A travers l'histoire du moyen age
Saved in:
| Hovedforfatter: | |
|---|---|
| Format: | Bog |
| Sprog: | fransk |
| Udgivet: |
París
Presses Universitaires de France
1950
|
| Fag: | |
| Tags: |
Tilføj Tag
Ingen Tags, Vær først til at tagge denne postø!
|
MARC
| LEADER | 00000cam a2200000 a 4500 | ||
|---|---|---|---|
| 001 | UCP9887 | ||
| 003 | CL-VaPUC | ||
| 008 | 000407e19500000FR |||||||||||||||||fre|d | ||
| 082 | 0 | 4 | |a 940.1 |b HAL |2 21 |
| 100 | |a Halphen, Louis |e author |9 440867 | ||
| 245 | 1 | 2 | |a A travers l'histoire du moyen age |
| 300 | |a 352 p | ||
| 942 | |c BK | ||
| 945 | |d 20000407 00:00:00 |a rherrera | ||
| 260 | |a París |b Presses Universitaires de France |c 1950 | ||
| 600 | 0 | 7 | |a OTON |2 CL-VaPUC |9 431936 |
| 650 | 0 | |a Historia de Europa |9 392003 | |
| 650 | 0 | |a Edad media |9 258041 | |
| 650 | 0 | |a Imperio carolingio |9 392797 | |
| 650 | 0 | |a Historiografía |9 257871 | |
| 650 | 7 | |a FEUDALISMO EUROPEO |2 CL-VaPUC |9 365294 | |
| 651 | 0 | |a Francia |9 255157 | |
| 651 | 7 | |a MEDITERRANEO |2 CL-VaPUC |9 269643 | |
| 583 | |a last modification |c 20160520 09:27:43 |k Rodrigo Vera | ||
| 999 | |c 286667 |d 286665 | ||
| 952 | |0 0 |1 0 |4 0 |6 940_100000000000000_HAL_1950 |7 0 |8 A |9 332720 |a BIBHIS |b BIBHIS |d 2019-11-20 |i 1262408 |o 940.1 HAL 1950 |p 1262408 |r 2025-01-20 |w 2019-11-20 |y BK |k HIS | ||
| 952 | |0 0 |1 0 |3 erb |4 0 |6 940_100000000000000_HAL_1950 |7 0 |8 A |9 332721 |a FDOHBE |b FDOHBE |e Huesbe Llanos, Marco Antonio, 1934- |i 5304741 |o 940.1 HAL 1950 |p 5304741 |r 2024-01-30 |w 2019-11-20 |y BK |z Catalogado en:20160520 |k HBE | ||